[Event "Ottavi Province-ch 78th"]
[Site "Mestre"]
[Date "2018.01.27"]
[Round "3"]
[White "Maxim, Stefan Andrei"]
[Black "Marson, Eva Jane"]
[Result "1/2-1/2"]
[WhiteElo "1395"]
[BlackElo "1380"]
[PlyCount "97"]
[EventDate "2018.01.26"]
[EventType "swiss"]
[EventRounds "5"]
[EventCountry "ITA"]
[SourceTitle "EXT 2022"]
[Source "ChessBase"]
[SourceDate "2021.10.06"]
[SourceVersion "1"]
[SourceVersionDate "2021.10.06"]
[SourceQuality "1"]

1. d4 d5 2. Nc3 Nf6 3. Bf4 Bf5 4. Nb5 Na6 5. e3 e6 6. a3 Be7 7. Qd2 0-0 8. 0-0-0 c6 9. Nc3 Bd6 10. Bxa6 bxa6 11. Nge2 Rb8 12. h3 Rb7 13. g4 Bg6 14. g5 Ne4 15. Nxe4 Bxe4 16. Rh2 f6 17. gxf6 Rxf6 18. Ng3 Bxf4 19. exf4 Bf3 20. Re1 Qb6 21. c3 Rf8 22. b4 a5 23. Rxe6 axb4 24. cxb4 a5 25. f5 axb4 26. Qxb4 Qxb4 27. axb4 Rxb4 28. Re3 Rc4+ 29. Kd2 Rxd4+ 30. Kc3 Rc4+ 31. Kd3 Bd1 32. f3 g6 33. Rg2 Bb3 34. Ke2 Rc2+ 35. Kf1 Rxg2 36. Kxg2 Rb8 37. fxg6 hxg6 38. Re6 Bc2 39. Rxc6 Rb2 40. Rc8+ Kf7 41. Kf1 Bd3+ 42. Ke1 d4 43. Rd8 Rb1+ 44. Kd2 Rg1 45. Kxd3 Rxg3 46. Kxd4 Rxf3 47. Rd7+ Ke6 48. Rg7 Rxh3 49. Rxg6+ 1/2-1/2

[Event "Ottavi Province-ch 78th"]
[Site "Mestre"]
[Date "2018.01.26"]
[Round "1"]
[White "Maxim, Stefan Andrei"]
[Black "Stefan, Marco"]
[Result "0-1"]
[WhiteElo "1395"]
[BlackElo "1841"]
[PlyCount "62"]
[EventDate "2018.01.26"]
[EventType "swiss"]
[EventRounds "5"]
[EventCountry "ITA"]
[SourceTitle "EXT 2022"]
[Source "ChessBase"]
[SourceDate "2021.10.06"]
[SourceVersion "1"]
[SourceVersionDate "2021.10.06"]
[SourceQuality "1"]

1. e4 c5 2. Nf3 d6 3. d4 cxd4 4. Nxd4 Nf6 5. Nc3 a6 6. Bg5 e6 7. f4 Be7 8. Qd2 b5 9. 0-0-0 Bb7 10. e5 dxe5 11. fxe5 Nd5 12. Bxe7 Qxe7 13. Nf3 0-0 14. Bd3 Nd7 15. h4 Rac8 16. Ne4 Nc5 17. Qg5 Qxg5+ 18. Nexg5 Nxd3+ 19. Rxd3 h6 20. Nh3 Nb4 21. Rb3 Nxc2 22. Kb1 Be4 23. Nf2 Bh7 24. g4 Nd4+ 25. Ka1 Nxb3+ 26. axb3 Rc2 27. Nd1 Rc1+ 28. Ka2 b4 29. Nd4 Bb1+ 30. Ka1 Be4+ 31. Ka2 Bxh1 0-1